WWE - Mark Henry's PPV Opponents - Statistics

General Stats
  • This quiz has been taken 369 times
  • The average score is 72 of 122
Answer Stats
Year Event Match Type Opponent % Correct
2008 Night of Champions Triple Threat Match The Big Show
95%
2009 Breaking Point Tag Team Match The Big Show
95%
2010 Extreme Rules Tag Team Gauntlet Match The Big Show
95%
2011 Money in the Bank The Big Show
95%
2011 Vengeance The Big Show
95%
2011 Survivor Series The Big Show
95%
2011 TLC Chairs Match The Big Show
95%
2012 Royal Rumble Triple Threat Steel Cage Match The Big Show
95%
2014 Survivor Series 5 vs. 5 Elimination Match The Big Show
95%
2006 WrestleMania 22 Casket Match The Undertaker
91%
2007 Unforgiven The Undertaker
91%
1999 Over the Edge Tag Team Match Kane
90%
2007 One Night Stand Lumberjack Match Kane
90%
2007 Armageddon Tag Team Match Kane
90%
2008 Night of Champions Triple Threat Match Kane
90%
2009 Bragging Rights Raw vs. Smackdown 7 vs. 7 Tag Team Match Kane
90%
2013 Elimination Chamber Elimination Chamber Match Kane
90%
2009 Survivor Series 5 vs. 5 Elimination Match Randy Orton
88%
2011 Night of Champions Randy Orton
88%
2011 Hell in a Cell Hell in a Cell Match Randy Orton
88%
2013 Elimination Chamber Elimination Chamber Match Randy Orton
88%
2013 Money in the Bank John Cena
86%
2014 Survivor Series 5 vs. 5 Elimination Match John Cena
86%
1998 Judgment Day The Rock
86%
2003 Survivor Series 5 vs. 5 Elimination Match Shawn Michaels
79%
2012 Royal Rumble Triple Threat Steel Cage Match Daniel Bryan
75%
2013 Elimination Chamber Elimination Chamber Match Daniel Bryan
75%
2008 SummerSlam Matt Hardy
75%
2008 Unforgiven 5-Man Championship Scramble Match Matt Hardy
75%
2008 No Mercy Matt Hardy
75%
2008 Survivor Series 5 vs. 5 Elimination Match Matt Hardy
75%
2009 Bragging Rights Raw vs. Smackdown 7 vs. 7 Tag Team Match Matt Hardy
75%
2009 Breaking Point Tag Team Match Chris Jericho
74%
2009 Bragging Rights Raw vs. Smackdown 7 vs. 7 Tag Team Match Chris Jericho
74%
2013 Elimination Chamber Elimination Chamber Match Chris Jericho
74%
2014 Survivor Series 5 vs. 5 Elimination Match Dolph Ziggler
74%
2015 Elimination Chamber Elimination Chamber Match Dolph Ziggler
74%
2011 SummerSlam Sheamus
74%
2013 Extreme Rules Four-Corners Strap Match Sheamus
74%
2015 Elimination Chamber Elimination Chamber Match Sheamus
74%
1996 In Your House 10: Mind Games Jerry Lawler
73%
2008 Unforgiven 5-Man Championship Scramble Match The Miz
72%
2010 Extreme Rules Tag Team Gauntlet Match The Miz
72%
2009 The Bash 5-Man Championship Scramble Match Christian
71%
2006 Royal Rumble Kurt Angle
70%
2006 Judgment Day Kurt Angle
70%
2013 WrestleMania 29 Ryback
70%
2013 Survivor Series Ryback
70%
2014 Survivor Series 5 vs. 5 Elimination Match Ryback
70%
2015 Elimination Chamber Elimination Chamber Match Ryback
70%
2007 Armageddon Tag Team Match CM Punk
67%
2008 Survivor Series 5 vs. 5 Elimination Match CM Punk
67%
2009 Survivor Series 5 vs. 5 Elimination Match CM Punk
67%
2008 Survivor Series 5 vs. 5 Elimination Match Batista
65%
2012 WrestleMania XXVIII 12-Man Tag Team Match The Great Khali
65%
2009 Survivor Series 5 vs. 5 Elimination Match Cody Rhodes
63%
2010 Night of Champions Tag Team Turmoil Final Match Cody Rhodes
63%
2008 Survivor Series 5 vs. 5 Elimination Match Kofi Kingston
61%
2012 WrestleMania XXVIII 12-Man Tag Team Match Kofi Kingston
61%
1999 St. Valentine's Day Massacre Tag Team Match Owen Hart
61%
2003 Survivor Series 5 vs. 5 Elimination Match Booker T
60%
2003 Armageddon Booker T
60%
2012 WrestleMania XXVIII 12-Man Tag Team Match Booker T
60%
2003 Survivor Series 5 vs. 5 Elimination Match Bubba Ray Dudley
60%
2016 Royal Rumble (Kick-Off Show) 4-Team Match for Royal Rumble Entry Bubba Ray Dudley
60%
2003 Survivor Series 5 vs. 5 Elimination Match D-Von Dudley
60%
2016 Royal Rumble (Kick-Off Show) 4-Team Match for Royal Rumble Entry D-Von Dudley
60%
2009 The Bash 5-Man Championship Scramble Match Jack Swagger
60%
2013 Elimination Chamber Elimination Chamber Match Jack Swagger
60%
2015 Elimination Chamber Elimination Chamber Match King Barrett
59%
1998 Unforgiven 6-Man Tag Team Match Faarooq
58%
2003 Survivor Series 5 vs. 5 Elimination Match Rob Van Dam
56%
2008 Unforgiven 5-Man Championship Scramble Match Finlay
55%
2008 Armageddon Belfast Brawl Finlay
55%
2009 The Bash 5-Man Championship Scramble Match Finlay
55%
2009 Bragging Rights Raw vs. Smackdown 7 vs. 7 Tag Team Match Finlay
55%
1999 Over the Edge Tag Team Match X-Pac
55%
2014 Survivor Series 5 vs. 5 Elimination Match Erick Rowan
54%
2008 Survivor Series 5 vs. 5 Elimination Match R-Truth
54%
2009 Bragging Rights Raw vs. Smackdown 7 vs. 7 Tag Team Match R-Truth
54%
2012 WrestleMania XXVIII 12-Man Tag Team Match R-Truth
54%
2015 Elimination Chamber Elimination Chamber Match R-Truth
54%
1998 Survivor Series 3-Team Match Billy Gunn
52%
1999 Unforgiven D'Lo Brown
52%
2008 Unforgiven 5-Man Championship Scramble Match Chavo Guerrero
51%
1998 Survivor Series 3-Team Match Road Dogg
51%
2010 Night of Champions Tag Team Turmoil Final Match Drew McIntyre
49%
2014 Night of Champions Rusev
46%
2009 Survivor Series 5 vs. 5 Elimination Match Ted DiBiase
46%
2012 WrestleMania XXVIII 12-Man Tag Team Match Santino Marella
45%
2012 WrestleMania XXVIII 12-Man Tag Team Match Zack Ryder
45%
2008 The Great American Bash Tommy Dreamer
38%
2009 The Bash 5-Man Championship Scramble Match Tommy Dreamer
38%
1999 St. Valentine's Day Massacre Tag Team Match Jeff Jarrett
37%
2009 Survivor Series 5 vs. 5 Elimination Match William Regal
37%
2010 Night of Champions Tag Team Turmoil Match Jey Uso
36%
2010 Night of Champions Tag Team Turmoil Match Jimmy Uso
36%
1998 No Way Out of Texas 10-Man Tag Team Match Ken Shamrock
32%
1998 Unforgiven 6-Man Tag Team Match Ken Shamrock
32%
2000 No Way Out Viscera
32%
1998 Rock Bottom Tag Team Match The Godfather
31%
2016 Royal Rumble (Kick-Off Show) 4-Team Match for Royal Rumble Entry Darren Young
28%
2009 Bragging Rights Raw vs. Smackdown 7 vs. 7 Tag Team Match Tyson Kidd
28%
1999 Survivor Series 4 vs. 4 Elimination Match The British Bulldog
27%
1998 No Way Out of Texas 10-Man Tag Team Match Ahmed Johnson
26%
2016 Royal Rumble (Kick-Off Show) 4-Team Match for Royal Rumble Entry Damien Sandow
24%
2009 Bragging Rights Raw vs. Smackdown 7 vs. 7 Tag Team Match David Hart Smith
24%
1998 Rock Bottom Tag Team Match Val Venis
24%
1999 Rebellion Val Venis
24%
1998 Fully Loaded Vader
22%
1998 Unforgiven 6-Man Tag Team Match Steve Blackman
21%
2016 Royal Rumble (Kick-Off Show) 4-Team Match for Royal Rumble Entry Viktor
19%
2016 Royal Rumble (Kick-Off Show) 4-Team Match for Royal Rumble Entry Konnor
18%
1998 Survivor Series 3-Team Match Mosh
17%
1998 Survivor Series 3-Team Match Thrasher
17%
1998 No Way Out of Texas 10-Man Tag Team Match Skull
16%
1998 No Way Out of Texas 10-Man Tag Team Match 8-Ball
15%
2014 Hell in a Cell (Kick-Off Show) Bo Dallas
14%
1998 No Way Out of Texas 10-Man Tag Team Match Chainz
14%
1999 Survivor Series 4 vs. 4 Elimination Match Pete Gas
12%
1999 Survivor Series 4 vs. 4 Elimination Match Joey Abs
11%
1999 Survivor Series 4 vs. 4 Elimination Match Rodney
10%
No matching quizzes found
Score Distribution
Percent of People with Each Score
Percentile by Number Answered
Your Score History
You have not taken this quiz